| 000 | 00390cam a2200157ua 4500 | ||
|---|---|---|---|
| 041 |
_aeng _h |
||
| 082 |
_a551.48 _bROD/FA |
||
| 100 | _aRodda, John C . | ||
| 245 |
_aFacets of hydrology-ll / _cJohn C Rodda. _hTextual Documents |
||
| 260 |
_aNew Delhi : _bWiley Eastern Ltd , _c1985. |
||
| 300 | _a447 ; . | ||
| 500 | _a**Reference | ||
| 504 | _a | ||
| 942 | _cBK | ||
| 999 |
_c10309 _d10309 |
||